|
|
|
|
| LEADER |
00954pam a22002658a 4500 |
| 001 |
00036998 |
| 005 |
20171026081025.0 |
| 008 |
170413s2002 ||||||viesd |
| 041 |
0 |
# |
|a vie
|
| 082 |
1 |
4 |
|a 782.421 62
|b H110PH
|
| 100 |
1 |
# |
|a Ninh, Viết Giao
|
| 245 |
0 |
0 |
|a Hát phường Vải
|b Tác phẩm nằm trong cụm công trình được giải thưởng nhà nước đợt I năm 2001
|c Ninh Viết Giao
|
| 260 |
# |
# |
|a Hà Nội
|b Trung tâm văn hóa ngôn ngữ Đông tây
|c 2002
|
| 300 |
# |
# |
|a 472tr.
|c 27cm.
|
| 653 |
# |
# |
|a Dân ca
|
| 653 |
# |
# |
|a Âm nhạc
|
| 653 |
# |
# |
|a Nghệ tĩnh
|
| 653 |
# |
# |
|a Hát phường vải
|
| 852 |
# |
# |
|b Kho mượn
|j KM.0020852, KM.0020888
|
| 852 |
# |
# |
|j KM.0020888
|j KD.0019873
|j KM.0020852
|
| 852 |
# |
# |
|b Kho đọc
|j KD.0019873
|
| 910 |
|
|
|d 13/04/2017
|
| 980 |
# |
# |
|a Trung tâm Học liệu Lê Vũ Hùng, Trường Đại học Đồng Tháp
|